000 00634nam a2200241Ia 4500
003 OSt
005 20220923230522.0
006 a|||||r|||| 00| 0
007 ta
008 Pun
024 _a282,719
037 _cTextual
040 _aARTS
_cARTS
_bPun
041 _2Pun
_aPun
082 _aO153,3NDIx, M9
100 _aਦਿਲਬਰ, ਹਰੀ ਸਿੰਘ
245 0 _aਛਤਰ ਛਾਵੇ੍ਵ
260 _c1989
300 _a123ਪੰ
_ccm.
650 _aਪੰਜਾਬੀ ਸਾਹਿਤ
942 _hO153,3NDIx, M9
_cTEXL
_2CC
999 _c385413
_d385413